Puntos de fuga : el fin de una historia y la transición a la hipermodernidad /

Bibliographic Details
Main Author: Baraona, Miguel
Format: Electronic eBook
Language:Spanish
Published: Santiago de Chile, Chile : LOM Ediciones, 2005.
Edition:1a. ed.
Series:Ciencias humanas (LOM Ediciones)
Ciencias humanas (Santiago, Chile). Cultura y cambio.
Subjects:
Online Access:Digitalia Hispánica

MARC

LEADER 00000nam a2200000Ii 4500
001 DIGLOM05011
003 NyNyDIG
006 m o d
007 cr |||||||||||
008 120210s2005 cl o 000 0 spa d
020 |z 9562827836 
020 |z 9789562827836 
035 |a (OCoLC)888270459 
040 |a DGITA  |b eng  |e pn  |c DGITA 
043 |a s-cl--- 
050 1 4 |a CB428 eBook 
100 1 |a Baraona, Miguel. 
245 1 0 |a Puntos de fuga :  |b el fin de una historia y la transición a la hipermodernidad /  |c Miguel Baraona. 
250 |a 1a. ed. 
264 1 |a Santiago de Chile, Chile :  |b LOM Ediciones,  |c 2005. 
300 |a 1 online resource (173 pages) 
336 |a text  |b txt  |2 rdacontent 
337 |a computer  |b c  |2 rdamedia 
338 |a online resource  |b cr  |2 rdacarrier 
490 1 |a Ciencias humanas. Cultura y cambio 
504 |a Includes bibliographical references (p. 145-173). 
650 0 |a Civilization, Modern  |y 20th century. 
650 0 |a Civilization, Modern  |y 21st century. 
650 0 |a Culture and globalization. 
650 0 |a Social evolution. 
655 0 |a Electronic books. 
791 2 |a Digitalia (Firm),  |e distributor. 
830 0 |a Ciencias humanas (LOM Ediciones) 
830 0 |a Ciencias humanas (Santiago, Chile).  |p Cultura y cambio. 
793 0 |g Digitalia eBook Collection:  |a LOM Ediciones 
856 4 0 |3 Digitalia Hispánica  |u https://www.digitaliapublishing.com/a/13056/ 
910 |a Premium Collection: 2007-2012